Gaming Quiz

Random Gaming or Nintendo Quiz

Nintendo Game Profiles (Slideshow) Quiz Stats

Quiz not verified by Sporcle

Score 0/24 Timer 08:00
1 Play Today
% Correct
Super Mario Bros.
95.2%
Pokémon Red/Blue/Yellow
92.3%
Pikmin
79%
The Legend of Zelda: Majora's Mask
76.3%
Star Fox 64
75.7%
Super Metroid
73.9%
Donkey Kong Country 2: Diddy's Kong Quest
72.6%
Luigi's Mansion: Dark Moon
70.8%
Earthbound
69.7%
The Legend of Zelda: A Link to the Past
67%
Kirby's Epic Yarn
63.5%
Super Paper Mario
63.2%
% Correct
Banjo-Kazooie
63.1%
Super Mario Galaxy 2
61.8%
Super Smash Bros. Brawl (Subspace Emissary)
61.7%
Metroid Prime 2: Echoes
55.7%
Kid Icarus
52.5%
Kid Icarus: Uprising
47.1%
Yoshi's Story
45.7%
Kirby's Dream Land 3
26.2%
Golden Sun
21.8%
Wario Land 3
18.4%
Donkey Kong Jungle Beat
17.8%
Fire Emblem: Awakening
14.8%

You're not logged in!

Compare scores with friends on all Sporcle quizzes.
Sign Up with Email
OR
Log In

You Might Also Like...

Show Comments

Extras

Editor's Pick Feb 21, 2014ReportNominate
Tags:Nintendo Quiz, profile, slide, Slideshow

Top Quizzes Today


Score Distribution

Your Account Isn't Verified!

In order to create a playlist on Sporcle, you need to verify the email address you used during registration. Go to your Sporcle Settings to finish the process.